Sports Quiz

Random Sports or Football Quiz

Biggest Stadiums In England Quiz Stats

 Plays Quiz not verified by Sporcle

Challenge
Share
Tweet
Embed
Score 0/30 Timer 10:00
0 Plays Today
Capacity Stadium Name % Correct
3) 75,957Old Trafford
97.9%
1) 90,000 Wembley Stadium
97%
4) 60,355Emirates Stadium
92.7%
8) 45,362Anfield
91.8%
10) 42,449Stamford Bridge
88.4%
5) 52,387St. James' Park
87.6%
6) 49,000The Stadium Of Light
82%
9) 42,788Villa Park
81.1%
11) 40,170Goodison Park
80.7%
14) 36,238White Hart Lane
78.1%
7) 47,726The City Of Manchester Stadium
70%
13) 39,460Elland Road
65.2%
15) 35,146Boleyn Ground
64.8%
2) 82,000Twickenham Stadium
63.9%
19) 32,689St. Mary's Stadium
57.9%
Capacity Stadium Name % Correct
12) 39,859Hillsborough Stadium
55.8%
25) 30,016St. Andrews
53.2%
22) 31,367Ewood Park
48.5%
27) 28,723Reebok Stadium
47.2%
17) 33,597Pride Park Stadium
46.8%
23) 30,602City Ground
46.4%
16) 35,100Riverside Stadium
45.1%
30) 27,877The Hawthorns
45.1%
28) 28,525Molineux
39.9%
21) 32,500Walkers Stadium
39.5%
20) 32,609Ricoh Arena
34.8%
18) 33,000Bramall Lane
33.5%
29) 28,384Britannia Stadium
33%
24) 30,311Portman Road
29.6%
26) 30,000Lord's Cricket Ground
25.3%

You're not logged in!

Compare scores with friends on all Sporcle quizzes.
Join for Free
OR
Log In

You Might Also Like...

Show Comments

Extras

Top Quizzes Today


Score Distribution

Your Account Isn't Verified!

In order to create a playlist on Sporcle, you need to verify the email address you used during registration. Go to your Sporcle Settings to finish the process.

Report this User

Report this user for behavior that violates our Community Guidelines.

Details: